[Event "Troya op 26th"]
[Site "Canakkale"]
[Date "2018.08.08"]
[Round "5"]
[White "Ince, Ali Emre"]
[Black "Yilmaz, Kayra"]
[Result "1-0"]
[WhiteElo "1569"]
[BlackElo "1485"]
[PlyCount "119"]
[EventDate "2018.08.06"]
[EventType "swiss"]
[EventRounds "9"]
[EventCountry "TUR"]
[SourceTitle "EXT 2019"]
[Source "ChessBase"]
[SourceDate "2018.10.10"]
[SourceVersion "1"]
[SourceVersionDate "2018.10.10"]
[SourceQuality "1"]

1. e4 c5 2. Nf3 d6 3. Bb5+ Nc6 4. d4 cxd4 5. Nxd4 Bd7 6. Nc3 g6 7. 0-0 Bg7 8. Be3 Nf6 9. Kh1 0-0 10. Nb3 Ng4 11. Bg5 a6 12. Bxc6 bxc6 13. Qc1 Re8 14. f3 Ne5 15. Nd2 Qb6 16. Rb1 e6 17. Bh4 d5 18. Bf2 Qa5 19. Nb3 Qc7 20. Nc5 Nc4 21. N3a4 Bc8 22. b3 Nd6 23. Re1 e5 24. Qd2 Be6 25. Bg3 Nb5 26. Nxe6 fxe6 27. Bf2 d4 28. Bg3 c5 29. Nb2 Nc3 30. Ra1 a5 31. a4 Red8 32. Nc4 Rab8 33. Qg5 d3 34. cxd3 Rxb3 35. Bxe5 Bxe5 36. Nxe5 Rb4 37. Qf6 Rd6 38. Nxg6 hxg6 39. Qxc3 Rdd4 40. Rac1 Rxa4 41. Qxc5 Qxc5 42. Rxc5 Rxd3 43. Rc2 Rad4 44. h3 a4 45. Ra1 a3 46. Kh2 Kf7 47. Rc7+ Kf6 48. Ra7 Ke5 49. R1xa3 Rd2 50. Ra2 Rd1 51. R7a4 R4d3 52. Ra5+ Kf4 53. Re2 e5 54. Ra6 Rf1 55. Rf6+ Kg5 56. Rf8 Kh4 57. Rh8+ Kg5 58. Kg3 Rc3 59. Rd2 Rg1 60. Rd6 1-0